00993 am a2200289ua 450000100100000000500170001000800410002701000130006802000160008102000180009705000100011508200210012524500770014625000120022326000450023530000330028049000600031350000240037350400510039765000250044865300310047365500240050470000270052894200120055599900170056795201190058400807304720131111134158.0851021s1985 enka | 001 | eng  a84007254 a047189530X  a978047189530500aHB13904a330.028222bTHE14aThe theory and practice of econometrics /cGeorge G. Judge ... [et al.]. a2nd ed. aNew York ;aChichester :bWiley,cc1985. axxix,1019p. :bill. ;c24cm.0 aWiley series in probability and mathematical statistics aPrevious ed.: 1980. aIncludes bibliographical references and index. 0aEconometrics.934432 aEconometricscNovember2013 vreading book934232 93226aJudge, George G. 2ddccBB c17750d17722 00102ddc40708BaccahaMAINbMAINc1STd2013-11-11epurchasel0o330.028 THEp000029626r2025-07-15 00:00:00yBB